000 00442nam a22001577a 4500
008 220922b |||||||| |||| 00| 0 eng d
020 _a1418500046
050 _aBV4211.2
_b.M16 2005 C.1
100 _aMacArthur, John
245 _aPreaching:
_bHow to preach biblically/
_cJohn MacArthur
260 _aNashville
_bThomas Nelson
_c2005
300 _axviii, 364p.
650 _aPreaching
650 _aBible
_vHomiletical use
942 _2lcc
_cBK
999 _c19535
_d19534